000 00500nam a22001577a 4500
003 OSt
005 20151117150419.0
008 151117b xxu||||| |||| 00| 0 eng d
040 _cRUA
082 _aFIS ជា 1992 B146 Or.1
100 _93803
_aជា វណ្ណារ៉េន
245 _aInundated forest in kratie province,ព្រៃលិទឹកក្នុងខេត្តក្រចេះ.
260 _aPhnom Penh
_bRUA
_c1992
300 _a120p.
_bill.
_c29cm.
942 _2ddc
_cFIS
999 _c3537
_d3537